000
00306 a2200145 4500
001
151454
040
_c
Escola São Tomás de Aquino
100
_a
DUMONT, Ângela
240
1
0
_a
Matizes
_l
por
245
1
0
_a
Matizes
362
0
_a
1998
440
1
_a
Moderna
697
_a
*LITERATURA INFANTO
942
_c
BK
999
_c
151454
_d
151454